Becoming conversant with the emerging church (Record no. 15820)
[ view plain ]
| 000 -LEADER | |
|---|---|
| fixed length control field | 00553nam a22001697a 4500 |
| 008 - FIXED-LENGTH DATA ELEMENTS--GENERAL INFORMATION | |
| fixed length control field | 160317b xxu||||| |||| 00| 0 eng d |
| 020 ## - INTERNATIONAL STANDARD BOOK NUMBER | |
| International Standard Book Number | 0310259473 |
| 040 ## - CATALOGING SOURCE | |
| Original cataloging agency | KABU |
| Transcribing agency | KABU |
| 050 ## - LIBRARY OF CONGRESS CALL NUMBER | |
| Classification number | BR115 |
| Item number | .P45C37 2005 |
| 100 ## - MAIN ENTRY--PERSONAL NAME | |
| Personal name | Carson D.A. |
| 245 ## - TITLE STATEMENT | |
| Title | Becoming conversant with the emerging church |
| Remainder of title | understanding a movement and its implications |
| Statement of responsibility, etc. | by d.a. carson |
| 260 ## - PUBLICATION, DISTRIBUTION, ETC. (IMPRINT) | |
| Place of publication, distribution, etc. | U.S.A |
| Name of publisher, distributor, etc. | Zondervan |
| Date of publication, distribution, etc. | 2005 |
| 300 ## - PHYSICAL DESCRIPTION | |
| Extent | 250p. |
| 650 ## - SUBJECT ADDED ENTRY--TOPICAL TERM | |
| Topical term or geographic name as entry element | non institutional churches |
| 650 ## - SUBJECT ADDED ENTRY--TOPICAL TERM | |
| Topical term or geographic name as entry element | postmodernism |
| General subdivision | religious aspects |
| 942 ## - ADDED ENTRY ELEMENTS (KOHA) | |
| Source of classification or shelving scheme | Library of Congress Classification |
| Koha item type | General Collection |
| Call number prefix | BR115 .P74C37 2005 C.1 |
| Withdrawn status | Lost status | Source of classification or shelving scheme | Not for loan | Home library | Current library | Shelving location | Date acquired | Cost, normal purchase price | Total Checkouts | Full call number | Barcode | Date last seen | Copy number | Price effective from | Koha item type |
|---|---|---|---|---|---|---|---|---|---|---|---|---|---|---|---|
| Library of Congress Classification | Kabarak, Main Campus | Kabarak, Main Campus | Fiction | 17/03/2016 | 1457.00 | BR115 .P45C37 2005 C.1 | 026473 | 02/08/2024 | C.1 | 17/03/2016 | General Collection |